| 000 | 00384nam a22001697a 4500 | ||
|---|---|---|---|
| 005 | 20160530110926.0 | ||
| 008 | 160530b xxu||||| |||| 00| 0 eng d | ||
| 020 | _a81-297-0701-2 | ||
| 041 | _aeng | ||
| 082 | _b6003 | ||
| 100 |
_aSolanan, Michael R _91498 |
||
| 245 | _aConsumer Behaviour | ||
| 260 |
_bPearsons _c2004 |
||
| 300 | _a590 | ||
| 650 |
_aManagement _9241 |
||
| 942 | _cBK | ||
| 999 |
_c2118 _d2117 |
||